=LDR 00000nam 2200000 4500 =001 INLIS000000000025735 =005 20251204015458 =035 ##$$a 0010-061300000025735 =008 251204###########################0#ind## =041 ##$$a Ind =082 ##$$a 028.5 =090 ##$$a F Rom K, Ken k =100 ##$$a Ken, Wakayama =245 1#$$a Koguma main bola, /$c Wakayama Ken =260 ##$$a Jakarta :$b Periplus,$c 1994 =300 ##$$a 10 hlm, : $b ilus ; $c 21 cm =650 #4$$a Fiksi Kanak-kanak =850 ##$$a NBPNMAT =020 ##$$a 979-609-013-9 =084 ##$$a 028.5 KEN k =990 ##$$a 78.163/Pro.94 =990 ##$$a 3120931209